| 000 | 00906ckc a22002895a 4500 | ||
|---|---|---|---|
| 001 | L140668 | ||
| 008 | 071004n xxk eng u | ||
| 035 | _a(Sirsi) u140668 | ||
| 041 | 0 | _aeng | |
| 245 | 0 | 1 |
_a[Collection of photographs of founder members of the Surveyors' Institution] _h[graphic] |
| 260 | _cn.d. | ||
| 300 |
_a7 photographs _bb+w _c14 x 10 cm. |
||
| 340 | _aPhotograph | ||
| 351 | _cFonds | ||
| 500 | _aPhotographs of the founder members of the Surveyors' Institution. | ||
| 500 | _aPhotographs are mounted. | ||
| 600 | 1 | 4 |
_aVigers, Francis _d1820-95 |
| 600 | 1 | 4 |
_aPenfold, John Wornham _d1828-1909 |
| 600 | 1 | 4 |
_aLee, Charles _d1805-80 |
| 600 | 1 | 4 |
_aHorsey, Thomas _d1818-1889 |
| 600 | 1 | 4 |
_aClutton, John _d1809-96 |
| 600 | 1 | 4 |
_aClark, Frederick James _d1818-75 |
| 600 | 1 | 4 |
_aDriver, Robert Collier _d1816-97 |
| 651 | 4 |
_aUnited Kingdom _y |
|
| 690 | _aABOUT RICS | ||
| 942 | _n0 | ||
| 999 |
_c116413 _d116413 |
||